La antijuricidad / (Registro nro. 28990)
[ vista simple ]
| 000 -LEADER | |
|---|---|
| fixed length control field | 02017nam a2200253Ia 4500 |
| 003 - CONTROL NUMBER IDENTIFIER | |
| control field | CO-CtgCURN |
| 005 - DATE AND TIME OF LATEST TRANSACTION | |
| control field | 20250407190938.0 |
| 008 - FIXED-LENGTH DATA ELEMENTS--GENERAL INFORMATION | |
| fixed length control field | 190723s9999 xx 000 0 und d |
| 020 ## - INTERNATIONAL STANDARD BOOK NUMBER | |
| International Standard Book Number | 8482723850 |
| 040 ## - CATALOGING SOURCE | |
| Original cataloging agency | CO-CtgCURN |
| Language of cataloging | spa |
| Transcribing agency | coctgcurn |
| 082 ## - DEWEY DECIMAL CLASSIFICATION NUMBER | |
| Classification number | 345.02 |
| Item number | R457a |
| 100 ## - MAIN ENTRY--PERSONAL NAME | |
| Personal name | Reyes Echandía, Alfonso |
| Dates associated with a name | 1932-1985 |
| Relator term | autor |
| 9 (RLIN) | 6786 |
| 245 #0 - TITLE STATEMENT | |
| Title | La antijuricidad / |
| Statement of responsibility, etc. | Alfonso Reyes Echandía |
| 260 ## - PUBLICATION, DISTRIBUTION, ETC. | |
| Place of publication, distribution, etc. | Bogotá, Colombia : |
| Name of publisher, distributor, etc. | Editorial Temis, |
| Date of publication, distribution, etc. | 1999 |
| 300 ## - PHYSICAL DESCRIPTION | |
| Extent | 296 páginas ; |
| Dimensions | 23 centímetros. |
| 505 ## - FORMATTED CONTENTS NOTE | |
| Formatted contents note | Cap.1. El aspecto positivo de la antijuricidad - Cap.2. El aspecto negativo de la antijuricidad - Cap.3. El estado e necesidad - Cap.4. La legítima defensa Cap.5. El cumplimiento del deber - Cap.6. El ejercicio de un derecho - Cap.7. Causas extrapenales de justificación - Cap.8. Exceso y consecuencias civiles. |
| 520 ## - SUMMARY, ETC. | |
| Summary, etc. | El concepto de lo antijurídico ha de entenderse en función de autor y sólo interesa este aspecto subjetivo. Sólo puede haber "ilicitudes culpables", las acciones inculpables no pueden ser contrarias a la norma. No es posible hacer el juicio de antijuridicidad de un hecho humano, si no se observa la voluntariedad de este. La antijuridicidad cumple como función dogmática la determinación o especificación de los comportamientos que el ordenamiento jurídico considera como lesivos de los bienes jurídicos trascendentes penalmente; dicho en otras palabras, la antijuridicidad proporciona la razón de la tipificación de una conducta. La antijuridicidad es un elemento formal del delito, ya que se concreta en la oposición entre la norma y el hecho, y se manifiesta en la vulneración de una norma establecida por el Estado y perteneciente al ordenamiento jurídico. |
| 521 ## - TARGET AUDIENCE NOTE | |
| Target audience note | AREA PROFESIONAL |
| 590 ## - LOCAL NOTE (RLIN) | |
| Local note | Programa de Derecho_18 |
| 650 ## - SUBJECT ADDED ENTRY--TOPICAL TERM | |
| Topical term or geographic name entry element | Ilegalidad |
| 9 (RLIN) | 6787 |
| 942 ## - ADDED ENTRY ELEMENTS (KOHA) | |
| Koha item type | Libros |
| Classification part | 345.02 |
| Item part | R457a |
| Source of classification or shelving scheme | Dewey Decimal Classification |
| Suppress in OPAC | No |
| Withdrawn status | Lost status | Damaged status | Not for loan | Collection | Home library | Current library | Shelving location | Date acquired | Inventory number | Total checkouts | Full call number | Barcode | Date last seen | Copy number | Price effective from | Koha item type |
|---|---|---|---|---|---|---|---|---|---|---|---|---|---|---|---|---|
| Miguel Henríquez Castañeda Barranquilla | Miguel Henríquez Castañeda Barranquilla | General | 05/23/2018 | 01795 | 345.02 R457a | 01795 | 07/23/2019 | ej.2 | 07/23/2019 | Libros | ||||||
| Miguel Henríquez Castañeda Barranquilla | Miguel Henríquez Castañeda Barranquilla | General | 05/23/2018 | 01796 | 345.02 R457a | 01796 | 07/23/2019 | ej.1 | 07/23/2019 | Libros |